Advance treatment directives and autonomy for incompetent patients : (Record no. 14380)
[ view plain ]
| 000 -LEADER | |
|---|---|
| fixed length control field | 00759cam a22001814a 4500 |
| 020 ## - ISBN | |
| International Standard Book Number | 9780773449800 |
| 020 ## - ISBN | |
| International Standard Book Number | 0773449809 |
| 050 00 - LIBRARY OF CONGRESS CALL NUMBER | |
| Classification Number | R 726.2 |
| Item Number | .V48 2008 |
| 100 1# - MAIN ENTRY--Author | |
| Personal name | Vezzoni, Cristiano, |
| Dates associated with a name | 1972- |
| 245 10 - TITLE | |
| Title | Advance treatment directives and autonomy for incompetent patients : |
| Remainder of title | an international comparative survey of law and practice, with special attention to the Netherlands / |
| Statement of responsibility, etc | Cristiano Vezzoni ; with a foreword by John Griffiths. |
| 260 ## - PUBLICATION, DISTRIBUTION, ETC.(IMPRINT) | |
| Place of publication, distribution, etc | Lewiston : |
| Name of publisher, distributor, etc | Edwin Mellen Press, |
| Date of publication, distribution, etc | c2008. |
| 300 ## - PHYSICAL DESCRIPTION | |
| Extent | xi, 250 p. : |
| 650 #0 - SUBJECT--TOPIC | |
| Form subdivision | Cross-cultural studies. |
| 650 #0 - SUBJECT--TOPIC | |
| General subdivision | Law and legislation |
| Form subdivision | Cross-cultural studies. |
| 650 22 - SUBJECT--TOPIC | |
| General subdivision | legislation & jurisprudence |
| 856 41 - URL/ELECTRONIC LOCATION AND ACCESS | |
| Uniform Resource Identifier | <a href="http://www.loc.gov/catdir/toc/ecip0823/2008028675.html">http://www.loc.gov/catdir/toc/ecip0823/2008028675.html</a> |
| 942 ## - ADDED ENTRY ELEMENTS(KOHA) | |
| Source of classification or shelving scheme | Library of Congress Classification |
| Koha item type | General circulation |
| Source of classification or shelving scheme | Not for loan | Location (home branch) | Sublocation (holding branch) | Shelving location | Date accessioned | Full call number | Barcode | Koha item type | Public note |
|---|---|---|---|---|---|---|---|---|---|
| Library of Congress Classification | Main Campus Library | Main Campus Library | 23/05/2016 | R 726.2 .V48 2008 | 2016/018091 | General circulation | em |